Estudios filosf̤ico-jurd̕icos y penales del Prof. Dr. Fritz Loos Homenaje a sus 70 aǫs /

Bibliographic Details
Main Author: Ambos, Kai
Other Authors: Radtke, Henning
Format: Book
Language:Spanish
Published: [Chile] : Editorial jurd̕ica de Chile, 2009
Edition:1® ed.
Series:Estudios Jurd̕icos
Subjects:
Online Access:Acceso restringido

MARC

LEADER 00000nam a22000007a 4500
005 20111028110236.0
008 111028s2009 cl ||||| |||| 01||0 spa d
020 |a 978-956-10-1892-1 
035 |a 5985 
040 |a vLex 
090 |c 2717  |d 2717 
100 1 |a Ambos, Kai 
245 1 0 |a Estudios filosf̤ico-jurd̕icos y penales del Prof. Dr. Fritz Loos  |h [Recurso electrn̤ico] :  |b Homenaje a sus 70 aǫs /  |c Kai Ambos, Henning Radtke  
250 |a 1® ed. 
256 |a Servicio en ln̕ea. 
260 |a [Chile] :  |b Editorial jurd̕ica de Chile,  |c 2009 
300 |a 1 recurso electrn̤ico 
490 0 |a Estudios Jurd̕icos 
500 |a Este libro de homenaje al destacado jurista Prof. Dr. Fritz Loos, quien desde sus ms̀ tempranos inicios en la actividad acadm̌ica se incorpor ̤al seleccionado grupo de asistentes de Hans Welzel, contiene un conjunto de significativas monografa̕s escritas por ľ y traducidas al espaǫl por destacados penalistas. 
506 1 |a Contenido solo disponible en los productos indicados  |d vLex Global  |d vLex Global (Academic Edition, excluding Law Schools)  |d vLex Global (U.S. Academic Edition, Law Schools)  |d vLex Global (U.S. Academic Edition, excluding Law Schools)  |d vLex Global (Academic Edition, Law Schools) 
650 0 4 |a Estudios filosf̤icos  |z Chile 
650 0 4 |a Estudios jurd̕icos  |z Chile 
650 0 4 |a Estudios penales  |z Chile 
700 1 |a Radtke, Henning  
740 0 |a vLex Libros (Servicio en ln̕ea) 
856 4 0 |u http://vlex.com/source/5985  |z Acceso restringido 
942 |c BOOK